The concerned photographer ; the photographs of Werner Bischof, Robert Capa, David Seymour ("Chim"), Andre Kertesz, Leonard Freed [and] Dan Weiner /

Bibliographic Details
Main Author: Capa, Cornell
Format: Book
Language:English
Published: New York : Grossman, 1968.
Subjects:

MARC

Tag First Indicator Second Indicator Subfields
LEADER 00000cam a2200000 4500
001 in00000094800
005 20150927110544.0
008 761221s1968 nyua 00000 eng d
035 |a (OCoLC)02637480 
035 |9 AAL6673AM 
040 |a TLM  |c TLM  |d TXA  |d UtOrBLW 
049 |a TXAM  |c 1 [486368]  |c 2 [486369] 
090 |a TR6  |b .C37 
100 1 |a Capa, Cornell. 
245 1 4 |a The concerned photographer ;  |b the photographs of Werner Bischof, Robert Capa, David Seymour ("Chim"), Andre Kertesz, Leonard Freed [and] Dan Weiner /  |c [Text [by] Robert Sagalyn [and] Judith Friedberg]. 
264 1 |a New York :  |b Grossman,  |c 1968. 
300 |a 1 volume :  |b illustrations ;  |c 25 cm. 
336 |a text  |b txt  |2 rdacontent 
337 |a unmediated  |b n  |2 rdamedia 
338 |a volume  |b nc  |2 rdacarrier 
500 |a Based on an exhibit, The concerned photographer, shown at the Riverside museum, New York, 1967. 
504 |a Includes bibliographical references. 
650 0 |a Photography  |x Exhibitions. 
650 0 |a Photography, Artistic. 
999 |a MARS 
999 f f |s 589c1a20-0049-380b-82f0-5099ef51214d  |i fca91543-cd05-3966-9fb9-7089fbdbafeb  |t 0 
952 f f |p ric  |a Texas A&M University  |b Rellis Campus  |c Joint Library Facility  |d Remote Storage  |t 0  |e TR6 .C37  |h Library of Congress classification  |i unmediated -- volume  |m A14805621549 
998 f f |a TR6 .C37  |t 0  |l Remote Storage